Нормален изглед
MARC изглед
- Георгов, Иван Андреев
Вход 01. Лично име
001 - Контролен номер на записа
- Контролно поле: 53367
003 - Код на организацията, даваща контролен номер
- Контролно поле: BLK
005 - Дата и час на последна промяна на записа
- Контролно поле: 20240613095236.0
008 - Данни с фиксирана дължина – обща информация
- Данни с фиксирана дължина : 180403n| acnz|abbn | aba d
100 1# - ИМЕ НА ЛИЦЕ -ПЪРВИЧНА ИНТЕЛЕКТУАЛНА ОТГОВОРНОСТ
- Лично име: Георгов, Иван Андреев
- Дати, свързани с автора: 1862 - 1936
- Друга информация: Философ, педагог. Академик.
942 ## - Системна служебна употреба
- Koha auth type: PERSO_NAME